African Christianity in Botswana : (Record no. 347)
[ view plain ]
| 000 -LEADER | |
|---|---|
| fixed length control field | 00939cam a2200289 a 4500 |
| 001 - CONTROL NUMBER | |
| control field | 198931 |
| 003 - CONTROL NUMBER IDENTIFIER | |
| control field | GZU |
| 005 - DATE AND TIME OF LATEST TRANSACTION | |
| control field | 20200721103009.0 |
| 008 - FIXED-LENGTH DATA ELEMENTS--GENERAL INFORMATION | |
| fixed length control field | 981210s1998 rh a b f000 0 eng |
| 010 ## - LIBRARY OF CONGRESS CONTROL NUMBER | |
| LC control number | 98982443 |
| 020 ## - INTERNATIONAL STANDARD BOOK NUMBER | |
| International Standard Book Number | 0869227130 |
| 035 ## - SYSTEM CONTROL NUMBER | |
| System control number | (DLC) 98982443 |
| 040 ## - CATALOGING SOURCE | |
| Original cataloging agency | DLC |
| Transcribing agency | DLC |
| Modifying agency | DLC |
| 042 ## - AUTHENTICATION CODE | |
| Authentication code | lcode |
| 043 ## - GEOGRAPHIC AREA CODE | |
| Geographic area code | f-bs--- |
| 050 00 - LIBRARY OF CONGRESS CALL NUMBER | |
| Classification number | BR1447.3 |
| Item number | .AMA 1998 |
| 100 1# - MAIN ENTRY--PERSONAL NAME | |
| Personal name | Amanze, James. |
| Relator term | author |
| 245 10 - TITLE STATEMENT | |
| Title | African Christianity in Botswana : |
| Remainder of title | the case of African independent churches / |
| Statement of responsibility, etc. | James Amanze. |
| 260 ## - PUBLICATION, DISTRIBUTION, ETC. | |
| Place of publication, distribution, etc. | Gweru, Zimbabwe : |
| Name of publisher, distributor, etc. | Mambo Press, |
| Date of publication, distribution, etc. | 1998. |
| 300 ## - PHYSICAL DESCRIPTION | |
| Extent | xvi, 264 p. : |
| Other physical details | ill. ; |
| Dimensions | 21 cm. |
| 500 ## - GENERAL NOTE | |
| General note | Errata slip inserted. |
| 504 ## - BIBLIOGRAPHY, ETC. NOTE | |
| Bibliography, etc. note | Includes bibliographical references (p. 249-264). |
| 650 #0 - SUBJECT ADDED ENTRY--TOPICAL TERM | |
| Topical term or geographic name entry element | Christianity |
| Geographic subdivision | Botswana. |
| 906 ## - LOCAL DATA ELEMENT F, LDF (RLIN) | |
| a | 7 |
| b | cbc |
| c | origode |
| d | 3 |
| e | ncip |
| f | 19 |
| g | y-gencatlg |
| 942 ## - ADDED ENTRY ELEMENTS (KOHA) | |
| Source of classification or shelving scheme | Library of Congress Classification |
| Koha item type | Books |
| Classification part | 1447.3 |
| Item part | AMA |
| Call number prefix | BR |
| Withdrawn status | Lost status | Damaged status | Not for loan | Collection code | Home library | Current library | Shelving location | Date acquired | Total Checkouts | Full call number | Barcode | Date last seen | Copy number | Price effective from | Koha item type |
|---|---|---|---|---|---|---|---|---|---|---|---|---|---|---|---|
| Non-fiction | City Campus Library | City Campus Library | General Stacks | 08/03/2005 | BR1447.3 AMA 1998 | B016328 | 07/21/2020 | c. 1 | 07/21/2020 | Books | |||||
| Non-fiction | City Campus Library | City Campus Library | General Stacks | 08/03/2005 | BR1447.3 AMA 1998 | B016337 | 07/21/2020 | c. 2 | 07/21/2020 | Books |